[Event "Anogia op 6th"]
[Site "Anogia"]
[Date "2017.07.13"]
[Round "5"]
[White "Pavloudakis, Vasileios"]
[Black "Petraki, Argiro"]
[Result "0-1"]
[WhiteElo "1292"]
[BlackElo "1633"]
[PlyCount "66"]
[EventDate "2017.07.10"]
[EventType "swiss"]
[EventRounds "9"]
[EventCountry "GRE"]
[SourceTitle "CBM 179 Extra"]
[Source "ChessBase"]
[SourceDate "2017.08.23"]
[SourceVersion "1"]
[SourceVersionDate "2017.08.23"]
[SourceQuality "1"]

1. e4 c5 2. Nf3 Nc6 3. d4 cxd4 4. Nxd4 g6 5. c4 Bg7 6. Be3 Nf6 7. Nc3 d6 8. Be2 0-0 9. 0-0 Bd7 10. Qd2 Nxd4 11. Bxd4 Bc6 12. Qc2 Qa5 13. Rad1 Rfc8 14. b3 b5 15. f4 b4 16. Bxf6 Bxf6 17. Nd5 Bxd5 18. exd5 Qb6+ 19. Kh1 a5 20. Bg4 Rc7 21. Rf3 Rca7 22. Rd2 a4 23. Rh3 Bc3 24. Re2 axb3 25. Qxb3 Ra3 26. Qb1 b3 27. Rxc3 bxa2 28. Qxb6 a1Q+ 29. Qg1 Rxc3 30. Re1 Qb2 31. Rxe7 Rc1 32. Bd1 Raa1 33. Re1 Qd2 0-1

[Event "Anogia op 6th"]
[Site "Anogia"]
[Date "2017.07.11"]
[Round "3"]
[White "Kotsalis, Evagelos"]
[Black "Pavloudakis, Vasileios"]
[Result "1-0"]
[WhiteElo "1741"]
[BlackElo "1292"]
[PlyCount "27"]
[EventDate "2017.07.10"]
[EventType "swiss"]
[EventRounds "9"]
[EventCountry "GRE"]
[SourceTitle "CBM 179 Extra"]
[Source "ChessBase"]
[SourceDate "2017.08.23"]
[SourceVersion "1"]
[SourceVersionDate "2017.08.23"]
[SourceQuality "1"]

1. e4 e5 2. Nf3 Nc6 3. d4 exd4 4. Bc4 d6 5. Nxd4 Nf6 6. Nc3 Ne5 7. Be2 Qe7 8. 0-0 g6 9. Bg5 Be6 10. f4 Neg4 11. f5 gxf5 12. Bxg4 h6 13. Bxf6 Qxf6 14. Bxf5 1-0

[Event "GRE-ch U20"]
[Site "Chania"]
[Date "2017.01.07"]
[Round "5"]
[White "Pavloudakis, Vasileios"]
[Black "Pelantakis, Mihail"]
[Result "0-1"]
[WhiteElo "1325"]
[BlackElo "1709"]
[PlyCount "44"]
[EventDate "2017.01.02"]
[EventType "swiss"]
[EventRounds "9"]
[EventCountry "GRE"]
[SourceTitle "EXT 2024"]
[Source "ChessBase"]
[SourceDate "2023.10.10"]
[SourceVersion "1"]
[SourceVersionDate "2023.10.10"]
[SourceQuality "1"]

1. e4 c5 2. Nf3 d6 3. d4 cxd4 4. Qxd4 a6 5. Be3 Nc6 6. Qd2 Nf6 7. Nc3 e6 8. 0-0-0 Be7 9. Bg5 0-0 10. Bxf6 Bxf6 11. Qxd6 Qa5 12. Kb1 Bxc3 13. bxc3 Rd8 14. e5 Rxd6 15. exd6 Bd7 16. Rd3 Qb6+ 17. Kc1 Qxf2 18. Rd2 Qc5 19. c4 Ne5 20. Bd3 Nxc4 21. Bxc4 Qxc4 22. Ne5 Qc3 0-1